| 000 | 00394nam a2200133Ia 4500 | ||
|---|---|---|---|
| 005 | 20260326100025.0 | ||
| 008 | 260326s9999||||xx |||||||||||||| ||und|| | ||
| 100 | _aLincoln Annis, Verle | ||
| 245 | 4 |
_aThe Architecture of Antigua Guatemala 1543-1773 / _cVerle Lincoln Annis |
|
| 260 | _bUniversidad de San Carlos de Guatemala | ||
| 300 | _a476 p. | ||
| 650 | _aARQUITECTURA REGIONAL | ||
| 942 | _cBK | ||
| 999 |
_c6333 _d6333 |
||